Normal view
MARC view
Entry Topical Term
001 - CONTROL NUMBER
- control field: 1108043
003 - CONTROL NUMBER IDENTIFIER
- control field:
005 - DATE AND TIME OF LATEST TRANSACTION
- control field: 20210628150638.0
008 - FIXED-LENGTH DATA ELEMENTS
- fixed length control field: 210628|| aca||aabn | a|a d
040 ## - CATALOGING SOURCE
- Original cataloging agency:
- Transcribing agency:
150 ## - HEADING--TOPICAL TERM
- Topical term or geographic name entry element: World War, 1939-1945
- General subdivision: Regimental histories
- Geographic subdivision: Asia
670 ## - SOURCE DATA FOUND
- Source citation: Work cat.: ()1124600: Bhargava, K. D. 957520, Campaigns in south-east Asia 1941-42 /, 2012
